El libro de la confesión: el enigma de la culpa
Saved in:
| Main Author: | |
|---|---|
| Format: | Book |
| Language: | Spanish |
| Published: |
Barcelona
Planeta S. A
2006
|
| Edition: | 1a. ed |
| Subjects: | |
| Tags: |
Add Tag
No Tags, Be the first to tag this record!
|
MARC
| LEADER | 00000cam a2200000 a 4500 | ||
|---|---|---|---|
| 001 | UCC6312 | ||
| 003 | CL-VaPUC | ||
| 008 | 181130e20060000sp |||||||||||||||||spa|d | ||
| 020 | |a 8408065262 | ||
| 082 | 0 | 4 | |a 234.166 |b MAN |2 21 |
| 100 | |a Manglano Castellary, José Pedro |e autor |9 600724 | ||
| 245 | 1 | 3 | |a El libro de la confesión: el enigma de la culpa |
| 250 | |a 1a. ed | ||
| 300 | |a 252 p | ||
| 942 | |c BK | ||
| 945 | |d 20181130 13:53:00 |a dcastane | ||
| 260 | |a Barcelona |b Planeta S. A |c 2006 | ||
| 650 | 7 | |a CONFESION |2 CL-VaPUC |9 314483 | |
| 650 | 0 | |a Sacramentos |9 257270 | |
| 583 | |a last modification |c 20181130 13:53:00 |k Rodrigo Vera | ||
| 999 | |c 373261 |d 373259 | ||
| 952 | |0 0 |1 0 |3 erb |4 0 |6 234_166000000000000_MAN_2006 |7 0 |8 A |9 491329 |a BIBTEO |b BIBTEO |e Precht Pizarro, Jorge Enrique |i 5519624 |o 234.166 MAN 2006 |p 5519624 |r 2025-01-17 |w 2019-11-24 |y BK |z Catalogado en:20181130 |k ICR | ||